Countries with “NG” in their Name - Statistics

General Stats
  • This quiz has been taken 31 times
  • The average score is 6 of 9
Answer Stats
Answer % Correct
Democratic Republic of the Congo
85%
Angola
81%
Republic of the Congo
81%
Singapore
69%
Bangladesh
65%
Tonga
65%
United Kingdom
58%
Mongolia
54%
Hungary
42%
No matching quizzes found
Score Distribution
Percent of People with Each Score
Percentile by Number Answered
Your Score History
You have not taken this quiz